Estaciones de Cercanías y Trambahía de Cádiz - Estadísticas

Estadísticas generales
  • Esta prueba ha sido intentada 11 veces
  • La puntuación promedio es 21 de 36
Estadísticas de respuestas
Zona Municipio Estación % Correcto
Zona 1 Cádiz Cádiz
100%
Zona 1 Cádiz Cádiz
100%
Zona 1 Cádiz Estadio
90%
Zona 1 Cádiz Estadio
90%
Zona 5 Jerez de la Frontera Jerez de la Frontera
90%
Zona 2 San Fernando San Fernando - Bahía Sur
90%
Zona 5 Jerez de la Frontera Aeropuerto de Jerez
80%
Zona 4 El Puerto de Santa María El Puerto de Santa María
80%
Zona 2 San Fernando San Fernando - Centro
80%
Zona 1 Cádiz San Severiano
80%
Zona 1 Cádiz San Severiano
80%
Zona 1 Cádiz Cortadura
70%
Zona 1 Cádiz Cortadura
70%
Zona 3 Puerto Real Las Aletas
70%
Zona 3 Chiclana de la Frontera Pelagatos
70%
Zona 3 Puerto Real Puerto Real
70%
Zona 2 San Fernando Río Arillo
70%
Zona 2 San Fernando Río Arillo
70%
Zona 1 Cádiz Segunda Aguada
70%
Zona 1 Cádiz Segunda Aguada
70%
Zona 4 El Puerto de Santa María Valdelagrana
70%
Zona 2 San Fernando Plaza del Rey
60%
Zona 2 San Fernando Ardila
40%
Zona 2 San Fernando Plaza de la Iglesia
40%
Zona 2 San Fernando Santo Entierro
40%
Zona 3 Puerto Real Universidad de Cádiz
40%
Zona 3 Chiclana de la Frontera Alameda Solano
30%
Zona 2 San Fernando Compañia de María
30%
Zona 3 Chiclana de la Frontera Nuestra Señora de los Remedios
30%
Zona 2 Puerto Real Tres Caminos
30%
Zona 2 San Fernando Venta de Vargas
30%
Zona 3 Chiclana de la Frontera Marquesado
20%
Zona 3 Chiclana de la Frontera Pinar de los Franceses
20%
Zona 2 San Fernando Plaza del Carmen
20%
Zona 3 Chiclana de la Frontera Reyes Católicos
20%
Zona 3 Chiclana de la Frontera La Hoya
10%
No se encontraron pruebas coincidentes
Distribución de puntuación
Porcentaje de gente con cada puntuación
Porcentaje por número respondido
Historial de tus puntuaciones
No has intentado esta prueba.